000 00743nam a22001697a 4500
005 20251108165410.0
008 250721s1975 xx 000 0 ara d
082 1 4 _aم/360.9560063/مؤت
111 2 _aمؤتمر وزراء الشؤون الإجتماعية العرب ، الثاني ، الخرطوم ، القاهرة ، 1975
245 1 0 _aوقائع المؤتمر الثاني لوزراء الشؤون الإجتماعية العرب /
264 1 _aالقاهرة :
_bجامعة الدول العربية - إدارة التنمية الإجتماعية،
_c1975.
300 _a211ص : جداول
650 1 7 _aالبلدان العربية
650 1 7 _aالخدمات الإجتماعية
942 _2ddc
_cREF
999 _c26952
_d26952